MARC

LEADER 00000nam0a2200000 4500
001 211884
005 20231031192742.0
035 |a (RuTPU)RU\TPU\book\231487 
090 |a 211884 
100 |a 20120321d1976 m y0rusy50 ca 
101 0 |a rus 
102 |a RU 
105 |a a j 001zy 
200 1 |a Витамины (химия, биохимия и физиологическая роль)  |e [курс лекций]  |f А. И. Колотилова, Е. П. Глушанков  |g Ленинградский государственный университет (ЛГУ) 
210 |a Ленинград  |c Изд-во ЛГУ  |d 1976 
215 |a 247 с.  |c ил. 
320 |a Библиогр.: с. 238. 
320 |a Предметный указатель: с. 239-243. 
610 1 |a витамины 
610 1 |a химия 
610 1 |a биохимия 
610 1 |a структура 
610 1 |a физико-химические свойства 
610 1 |a молекулярная структура 
610 1 |a химическое строение 
610 1 |a биосинтез 
610 1 |a метаболизм 
610 1 |a авитоминоз 
610 1 |a распространение 
610 1 |a лекции 
675 |a 57.04  |v 3 
700 1 |a Колотилова  |b А. И.  |g Александра Ильинична 
701 1 |a Глушанков  |b Е. П.  |g Ефим Павлович 
712 0 2 |a Ленинградский государственный университет (ЛГУ)  |c (1924-1991)  |2 stltpush  |3 (RuTPU)RU\TPU\col\77 
801 1 |a RU  |b 63413507  |c 20120321 
801 2 |a RU  |b 63413507  |c 20121214  |g RCR 
942 |c BK